[Event "Challenge"]
[Site "http://www.queenalice.com/game.php?id=61270"]
[Date "2006.4.5"]
[Round "-"]
[White "dav19"]
[Black "war_supporter"]
[Result "0-1"]
[WhiteElo "1476"]
[BlackElo "1588"]

1. d3 e5 2. c4 Nf6 3. Nc3 Nc6 4. g3 Bc5 5. Bg2 d6 6. Bd2 Be6 7. e4 O-O 8. Qc2
Nd4 9. Qa4 Bd7 10. Qd1 h6 11. Nge2 Bg4 12. h3 Bh5 13. g4 Bg6 14. O-O Qd7 15. Be3
Nxe2+ 16. Qxe2 Bb6 17. a4 Bxe3 18. Qxe3 Rfe8 19. Ra3 c6 20. g5 hxg5 21. Rb3 Nh7
22. Ne2 f6 23. d4 Bf7 24. d5 c5 25. Nc3 b6 26. Ra3 Nf8 27. Ne2 Ng6 28. Ng3 Nf4
29. a5 Bg6 30. Rfa1 Rac8 31. axb6 axb6 32. Ra7 Rc7 33. R7a6 Rb7 34. Qb3 Reb8 35.
Bf1 Nxh3+ 36. Kg2 Nf4+ 37. Kh2 Kf7 38. Ne2 Rh8+ 39. Kg1 Qg4+ 40. Ng3 Bxe4 41.
Ra7 Rh1# 0-1

[Event "M 12.04.2006"]
[Site "http://www.queenalice.com/game.php?id=62858"]
[Date "2006.4.13"]
[Round "-"]
[White "mauricio_sm"]
[Black "war_supporter"]
[Result "0-1"]
[WhiteElo "1614"]
[BlackElo "1655"]

1. e4 e5 2. Nf3 Nc6 3. Bb5 d6 4. Bxc6+ bxc6 5. Nc3 Bg4 6. h3 Bh5 7. g4 Bg6 8. b3
Nf6 9. Bb2 Be7 10. Qe2 h6 11. O-O-O Nd7 12. Kb1 Qc8 13. d3 Qb7 14. h4 O-O-O 15.
h5 Bh7 16. d4 exd4 17. Nxd4 Bf6 18. f4 Rde8 19. Qf3 c5 20. Nde2 Bxe4 21. Nxe4
Qxe4 22. Qxe4 Rxe4 23. Rd2 Bxb2 24. Kxb2 Nf6 25. Rg1 Rhe8 26. Rg2 Nd7 27. Rf2 g6
28. Ng3 R4e7 29. Rfe2 gxh5 30. Rxe7 Rxe7 31. gxh5 Nf6 32. Nf5 Re6 33. Nxh6 Nxh5
34. Nxf7 Nxf4 35. Ng5 Re7 36. Nf3 Kb7 37. Rf2 Nd5 38. Rd2 Nb6 39. Ng5 Re3 40.
Nf7 c4 41. Nd8+ Kc8 42. Rd4 c3+ 43. Kc1 Kxd8 44. a4 Re1+ 45. Rd1 Rxd1+ 46. Kxd1
Kd7 47. Ke2 Nd5 48. Kd3 Kc6 49. Kc4 a5 50. Kd4 Nb4 51. Kxc3 Kc5 52. Kb2 d5 53.
c3 Nc6 54. Ka3 Na7 55. b4+ axb4+ 56. cxb4+ Kc4 57. a5 d4 58. Kb2 Kxb4 59. Kc2 c5
60. a6 c4 61. Kd2 Kb3 62. Kc1 c3 63. Kd1 Kb2 64. Ke2 Kc2 65. Kf3 d3 66. Ke3 d2
67. Ke4 d1=Q 68. Ke5 Kb2 69. Ke4 c2 70. Ke5 c1=Q 71. Ke4 Qcc2+ 72. Ke3 Qce2+ 73.
Kf4 Qdf1+ 74. Kg3 Qeg2+ 75. Kh4 Qfh1# 0-1

[Event "noctambulos"]
[Site "http://www.queenalice.com/game.php?id=63533"]
[Date "2006.4.15"]
[Round "-"]
[White "J_Ricardo"]
[Black "war_supporter"]
[Result "0-1"]
[WhiteElo "1233"]
[BlackElo "1586"]

1. e4 e5 2. Nf3 Nc6 3. Nc3 Bc5 4. Na4 Bb6 5. d3 d6 6. Be2 Be6 7. Bg5 f6 8. Bd2
Nge7 9. Nxb6 axb6 10. c4 O-O 11. b4 Ng6 12. b5 Nce7 13. a4 f5 14. Ng5 Qd7 15.
Ra3 fxe4 16. dxe4 h6 17. Nxe6 Qxe6 18. O-O c6 19. Be3 c5 20. a5 bxa5 21. Bd2 b6
22. Qc2 Nf4 23. Bf3 Rf6 24. Qd1 Raf8 25. Be3 Qxc4 26. Qb1 Nh3+ 27. Kh1 Nf4 28.
Kg1 Neg6 29. g3 Nh3+ 30. Kg2 Rxf3 31. Qd1 Ng5 32. Qxd6 Qe6 33. Qc7 Qh3+ 34. Kh1
Rxg3 35. Rg1 Rxg1+ 36. Kxg1 Nf3+ 0-1

[Event "ARGvsESP match 01"]
[Site "http://www.queenalice.com/game.php?id=64929"]
[Date "2006.4.22"]
[Round "-"]
[White "war_supporter"]
[Black "MES_1988"]
[Result "1-0"]
[WhiteElo "1661"]
[BlackElo "1402"]

1. e4 e5 2. Nf3 Nc6 3. Bc4 Nf6 4. d3 Bc5 5. Bg5 h6 6. Bh4 d6 7. h3 O-O 8. Nc3
Be6 9. Bb3 Na5 10. Nd2 Nxb3 11. axb3 Qd7 12. Bxf6 gxf6 13. Qf3 Kh8 14. Qxf6+ Kg8
15. Qxh6 Qe7 16. Nf3 f6 17. Nd5 Bxd5 18. exd5 Rf7 19. O-O Rh7 20. Qd2 Qg7 21.
Rfe1 Rxh3 22. Qe2 Kf7 23. Qe4 Rg8 24. Nd2 Bxf2+ 25. Kxf2 Rg3 26. Rg1 Qg5 27. Nf1
Rg4 28. Qe2 Rf4+ 29. Ke1 Qh4+ 30. Kd1 Rf2 31. Qe1 Qg4+ 32. Kc1 1-0

[Event "AUTO-MASTER-159"]
[Site "http://www.queenalice.com/game.php?id=75774"]
[Date "2006.6.11"]
[Round "1"]
[White "pineapple"]
[Black "war_supporter"]
[Result "0-1"]
[WhiteElo "1503"]
[BlackElo "1640"]

1. e4 e5 2. Nf3 Nc6 3. d4 exd4 4. Nxd4 Bc5 5. c3 d6 6. Be3 Nge7 7. Be2 O-O 8.
O-O Bb6 9. Nxc6 Nxc6 10. Bxb6 axb6 11. Nd2 Re8 12. f3 Qf6 13. Nb3 Bd7 14. Nd4
Ne5 15. Qb3 Qd8 16. Bb5 c6 17. Be2 b5 18. a3 Qb6 19. Rae1 Be6 20. Qd1 Red8 21.
Kh1 Nc4 22. Qc2 Ne3 23. Qd2 Nxf1 24. Bxf1 g6 25. Nxe6 fxe6 26. Qh6 c5 27. Bd3 c4
28. Bc2 Qf2 29. Rd1 Qxc2 0-1

[Event "AUTO-MASTER-159"]
[Site "http://www.queenalice.com/game.php?id=75775"]
[Date "2006.6.11"]
[Round "1"]
[White "war_supporter"]
[Black "pineapple"]
[Result "1-0"]
[WhiteElo "1651"]
[BlackElo "1492"]

1. e4 c5 2. Nf3 Nc6 3. d4 cxd4 4. Nxd4 Nf6 5. Nc3 g6 6. Bc4 Bg7 7. Be3 O-O 8.
O-O a6 9. Qd2 b5 10. Bb3 b4 11. Nce2 Nxe4 12. Qd3 Nf6 13. Rfd1 Na5 14. a3 Nxb3
15. cxb3 bxa3 16. bxa3 d5 17. b4 Bb7 18. Rac1 Rc8 19. h3 e5 20. Nb3 d4 21. Bg5
Qd5 22. f3 Nd7 23. Bh4 f6 24. Be1 Bh6 25. Bd2 Rxc1 26. Bxc1 Bxc1 27. Rxc1 Rc8
28. Rxc8+ Bxc8 29. Kf2 Qb5 30. Qc2 Nb6 31. Nc5 Bf5 32. Qb3+ Kg7 33. Nc1 Qc4 34.
Qxc4 Nxc4 35. a4 Nb6 36. Ke2 Nc4 37. Nxa6 Bc8 38. Nc5 Kf7 39. a5 1-0

[Event "AUTO-MASTER-159"]
[Site "http://www.queenalice.com/game.php?id=75792"]
[Date "2006.6.11"]
[Round "1"]
[White "war_supporter"]
[Black "ambaradann"]
[Result "0-1"]
[WhiteElo "1640"]
[BlackElo "1822"]

1. e4 e5 2. Nf3 Nf6 3. Nc3 Nc6 4. Bc4 Bc5 5. d3 d6 6. h3 Nd4 7. Be3 Nxf3+ 8.
Qxf3 Bxe3 9. fxe3 O-O 10. d4 a6 11. O-O Be6 12. Bb3 Bxb3 13. axb3 h6 14. Qg3 Kh7
15. dxe5 dxe5 16. Qxe5 Qd6 17. Qf5+ Kg8 18. Qf4 Qd7 19. Rad1 Qc6 20. Rf2 Rae8
21. Re2 Nxe4 22. Nxe4 Rxe4 23. Qf3 Rfe8 24. Rd3 Qe6 25. Rc3 c6 26. Qg3 f5 27.
Qf2 Qf7 28. Kh2 Kf8 29. Rd3 f4 30. Qg1 Qc7 31. Kh1 Qe7 32. Qf2 Kg8 33. Kg1 Rxe3
34. Rexe3 fxe3 35. Qe2 g5 36. g4 Kg7 37. Kg2 Qe6 38. Kf3 Qe4+ 39. Kg3 Qe5+ 40.
Kf3 Qxb2 41. Rxe3 Rxe3+ 42. Kxe3 Qe5+ 43. Kd2 Qxe2+ 44. Kxe2 Kf6 45. Ke3 Ke5 46.
c3 b6 47. b4 a5 0-1

[Event "AUTO-MASTER-159"]
[Site "http://www.queenalice.com/game.php?id=75793"]
[Date "2006.6.11"]
[Round "1"]
[White "ambaradann"]
[Black "war_supporter"]
[Result "1-0"]
[WhiteElo "1664"]
[BlackElo "1600"]

1. e4 e5 2. f4 exf4 3. Nf3 Nc6 4. Bc4 Bc5 5. d4 Bb6 6. Bxf4 d6 7. c3 Bg4 8. O-O
Nge7 9. Bxf7+ Kf8 10. Bb3 Ng6 11. Bg3 Qd7 12. Ne5+ Ke7 13. Nxg4 1-0

[Event "AUTO-MASTER-159"]
[Site "http://www.queenalice.com/game.php?id=75794"]
[Date "2006.6.11"]
[Round "1"]
[White "war_supporter"]
[Black "stoyan1"]
[Result "1-0"]
[WhiteElo "1617"]
[BlackElo "1785"]

1. e4 e5 2. Nf3 d6 3. Nc3 h6 4. h3 Ne7 5. Bc4 c6 6. d3 b5 7. Bb3 a5 8. a3 Qb6 9.
Be3 Qb7 10. O-O Ng6 11. Re1 Be7 12. d4 O-O 13. dxe5 Nxe5 14. Bf4 Nxf3+ 15. Qxf3
Be6 16. Qg3 Bg5 17. Bxg5 hxg5 18. Qxg5 Bxb3 19. cxb3 f6 20. Qg3 Rd8 21. Rad1 b4
22. Na2 Qe7 23. Qd3 Na6 24. Qc4+ d5 25. Qxc6 dxe4 26. Rxd8+ Qxd8 27. Qxe4 Nc7
28. Qc2 Rc8 29. Rd1 Nd5 30. Qd3 bxa3 31. bxa3 Rc5 32. b4 axb4 33. Nxb4 Rc3 34.
Qxd5+ Qxd5 35. Rxd5 Rxa3 36. Rd7 Kh7 37. Kh2 Kh6 38. Rd5 g6 39. f3 f5 40. Kg3
Kh5 41. Nd3 g5 42. Nf4+ gxf4+ 43. Kxf4 Kh4 44. Rxf5 Ra2 45. Rf7 Ra4+ 46. Ke3 Ra5
47. Rf4+ Kg3 48. Rg4+ Kh2 49. h4 Ra3+ 50. Kf4 Ra4+ 51. Kg5 Ra5+ 52. Kh6 Ra8 53.
h5 1-0

[Event "AUTO-MASTER-159"]
[Site "http://www.queenalice.com/game.php?id=75795"]
[Date "2006.6.11"]
[Round "1"]
[White "stoyan1"]
[Black "war_supporter"]
[Result "0-1"]
[WhiteElo "1774"]
[BlackElo "1594"]

1. e4 e5 2. d4 exd4 3. Nf3 Nc6 4. Nxd4 Nxd4 5. Qxd4 d6 6. Bc4 Nf6 7. Bg5 Be7 8.
e5 dxe5 9. Qxe5 O-O 10. O-O Re8 11. Nc3 Qd6 12. Bxf6 Qxf6 13. Qxc7 Bd6 14. Qa5
b6 15. Qa4 Bb7 16. Nd5 Qxb2 17. Rae1 Re5 18. Rxe5 Qxe5 19. f4 Qd4+ 20. Kh1 Bxd5
21. Bb5 Qxa4 22. Bxa4 Bxa2 23. f5 Bc4 24. Re1 b5 25. Bb3 Bxb3 26. cxb3 Kf8 27.
g4 Re8 28. Rd1 Bc5 29. Rd5 Bb6 30. Rxb5 Re4 31. h3 Ke7 32. Kg2 Kf6 33. Kg3 g6
34. h4 Re5 35. Rb4 gxf5 36. g5+ Kg6 37. Kf4 Re4+ 38. Rxe4 fxe4 39. Kxe4 Kh5 40.
Kf5 Kxh4 41. Kf6 Be3 42. Kxf7 Kxg5 43. Ke6 h5 44. Ke5 Kg4 45. Ke4 Bb6 46. Kd3 h4
47. Ke2 Kg3 0-1

[Event "Challenge"]
[Site "http://www.queenalice.com/game.php?id=78040"]
[Date "2006.6.18"]
[Round "-"]
[White "togoychess"]
[Black "war_supporter"]
[Result "1-0"]
[WhiteElo "1861"]
[BlackElo "1600"]

1. e4 e5 2. Nf3 Nc6 3. Nc3 Bc5 4. Nxe5 Bxf2+ 5. Kxf2 Qf6+ 6. Nf3 d6 7. Nd5 Qd8
8. d4 Bg4 9. Bb5 a6 10. Bxc6+ bxc6 11. Ne3 Nf6 12. Nxg4 Nxg4+ 13. Kg1 O-O 14.
Bg5 f6 15. Bf4 Nh6 16. Bxh6 gxh6 17. Nh4 Qe7 18. Qg4+ Kh8 19. Nf5 Qd7 20. Nxh6
Qxg4 21. Nxg4 Kg7 22. h4 Rae8 23. Nf2 d5 24. Re1 f5 25. e5 Kg6 26. Rh3 Rf7 27.
Rf3 h5 28. Rg3+ Kh6 29. Nd3 a5 30. Nf4 Rg7 31. Rxg7 Kxg7 32. Nxh5+ 1-0

[Event "Challenge"]
[Site "http://www.queenalice.com/game.php?id=80422"]
[Date "2006.6.26"]
[Round "-"]
[White "aesnihc"]
[Black "war_supporter"]
[Result "1-0"]
[WhiteElo "1727"]
[BlackElo "1667"]

1. e4 e5 2. Nf3 Nc6 3. Bc4 Bc5 4. c3 d6 5. h3 Be6 6. Bxe6 fxe6 7. O-O Nge7 8. d4
exd4 9. cxd4 Bb6 10. Nc3 Ng6 11. Be3 O-O 12. Ng5 Qf6 13. Nf3 h6 14. Qd2 Kh7 15.
a3 Nce7 16. Rad1 a6 17. Rfe1 Rad8 18. Qc2 Kh8 19. b4 Nh4 20. Nxh4 Qxh4 21. Kh2
Ng6 22. g3 Qf6 23. Qd2 Ne7 24. f4 Qf7 25. Qe2 Rfe8 26. Qf2 Kg8 27. a4 Ba7 28. b5
axb5 29. Nxb5 Bb6 30. d5 Ba5 31. Re2 exd5 32. exd5 Nxd5 33. Bd4 Rxe2 34. Qxe2
Qe7 35. Qa2 c6 36. Na3 Kh8 37. Nc4 Nc3 38. Bxc3 Bxc3 39. Rd3 Bb4 40. Ne3 Re8 41.
Nf5 Qe2+ 42. Qxe2 Rxe2+ 43. Kh1 Ra2 44. Nxd6 Bxd6 45. Rxd6 Rxa4 46. f5 Rb4 47.
g4 Kg8 48. Kg2 c5 49. Kg3 c4 50. Kf2 c3 51. Ke3 Rb2 52. Rd8+ Kf7 53. Rc8 Rh2 54.
Rc7+ Kf6 55. Rxb7 c2 56. Rc7 Ke5 57. Rc5+ Kd6 58. Rc8 Rxh3+ 59. Kd2 Rg3 60. Rg8
Rxg4 61. f6 Rf4 62. fxg7 Rf7 63. Rd8+ 1-0

[Event "otra partidita +"]
[Site "http://www.queenalice.com/game.php?id=94264"]
[Date "2006.8.10"]
[Round "-"]
[White "J_Ricardo"]
[Black "war_supporter"]
[Result "0-1"]
[WhiteElo "1351"]
[BlackElo "1669"]

1. e4 e5 2. d3 Nc6 3. Nc3 Bc5 4. Be3 Bb6 5. Qf3 d6 6. Nd5 Be6 7. Be2 Bxd5 8.
exd5 Nce7 9. Qg3 Ng6 10. Bxb6 axb6 11. Nf3 Nf6 12. Ng5 h6 13. Nh3 Qd7 14. c4 O-O
15. O-O c6 16. Rad1 Rxa2 17. Rd2 Re8 18. Qf3 Nh4 19. Qg3 Nf5 20. Qf3 Nd4 21. Qe3
Ng4 22. Qe4 Nf6 23. dxc6 bxc6 24. Qe3 c5 25. Bd1 b5 26. cxb5 Qxb5 27. Re1 Rxb2
28. Rxb2 Qxb2 29. Ba4 Ra8 30. Bd1 Ra1 31. Kf1 Nc2 32. Qe2 Qc3 33. Bxc2 Rxe1+ 34.
Qxe1 Qxc2 35. d4 Qd3+ 36. Kg1 Qxd4 37. Kh1 c4 38. Ng1 c3 39. Ne2 Qd2 40. Qf1 c2
41. h3 Qd1 42. Kg1 d5 43. Nc1 d4 44. Nd3 e4 45. Nc1 d3 46. g3 Qxf1+ 47. Kxf1 d2
48. Nb3 d1=Q+ 49. Kg2 c1=Q 50. Nxc1 Qxc1 51. h4 e3 52. fxe3 Qxe3 53. Kh3 g5 54.
hxg5 hxg5 0-1

[Event "libertin Vs Koukin (Ricky)"]
[Site "http://www.queenalice.com/game.php?id=99542"]
[Date "2006.8.26"]
[Round "-"]
[White "Koukin"]
[Black "war_supporter"]
[Result "0-1"]
[WhiteElo "1233"]
[BlackElo "1677"]

1. e4 e5 2. d3 Nc6 3. Nc3 Bc5 4. Nh3 d6 5. Bg5 f6 6. Be3 Bb6 7. Qh5+ g6 8. Qd1
Be6 9. Be2 Qe7 10. a3 Bxe3 11. fxe3 O-O-O 12. Nb5 Kb8 13. a4 f5 14. d4 Nf6 15.
c3 Nxe4 16. a5 a6 17. Na3 f4 18. Qb3 Bxb3 19. O-O fxe3 20. Nb1 Be6 21. Na3 Bxh3
22. b4 Qg5 23. b5 Qxg2# 0-1

[Event "otra"]
[Site "http://www.queenalice.com/game.php?id=99895"]
[Date "2006.8.27"]
[Round "-"]
[White "war_supporter"]
[Black "Koukin"]
[Result "1-0"]
[WhiteElo "1679"]
[BlackElo "1201"]

1. d4 d5 2. c4 dxc4 3. e4 b5 4. Nf3 Nc6 5. d5 Nb8 6. Be3 Bg4 7. Be2 Nf6 8. Qc2
c6 9. dxc6 Nxc6 10. Nbd2 e6 11. a4 Nb4 12. Qc3 Qe7 13. O-O Rd8 14. axb5 Bxf3 15.
Bxf3 a5 16. bxa6 h6 17. a7 Qb7 18. e5 Qe7 19. exf6 gxf6 20. a8=Q Rxa8 21. Rxa8+
Kd7 22. Qd4+ Nd5 23. Bxd5 Qd6 24. Qa7+ Qc7 25. Qxc7+ Kxc7 26. Bxc4 f5 27. Rc1
Kd6 28. b4 Bg7 29. Rxh8 Bxh8 30. b5 Be5 31. b6 Kd7 32. Ba6 f4 33. Bc5 Kc6 34.
Bd4+ Kd5 35. Bxe5 Kxe5 36. b7 Kf6 37. b8=Q Kg5 38. Be2 1-0

[Event "Match Brasil-España Board 10"]
[Site "http://www.queenalice.com/game.php?id=105413"]
[Date "2006.9.13"]
[Round "-"]
[White "Masegui"]
[Black "war_supporter"]
[Result "1-0"]
[WhiteElo "1994"]
[BlackElo "1681"]

1. e4 e5 2. Nf3 Nc6 3. d4 exd4 4. Nxd4 Bc5 5. Nxc6 bxc6 6. Bd3 d6 7. O-O Ne7 8.
Nd2 O-O 9. Nb3 Bb6 10. a4 a6 11. a5 Ba7 12. Kh1 Bb8 13. f4 d5 14. Be3 Ba7 15.
Bxa7 Rxa7 16. e5 Bf5 17. Nc5 Bxd3 18. Qxd3 Qc8 19. f5 Rd8 20. f6 Ng6 21. Rae1
Re8 22. e6 Ra8 23. h4 Nxh4 24. exf7+ Kxf7 25. Qxh7 1-0

[Event "Challenge"]
[Site "http://www.queenalice.com/game.php?id=108635"]
[Date "2006.9.22"]
[Round "-"]
[White "Koukin"]
[Black "war_supporter"]
[Result "1-0"]
[WhiteElo "1417"]
[BlackElo "1642"]

1. e4 e5 2. d3 Nc6 3. Nc3 Bc5 4. Nh3 d6 5. Nd5 Be6 6. Ng5 Bxd5 7. exd5 Nce7 8.
d4 Bxd4 9. Qf3 f6 10. Ne4 Ng6 11. Bb5+ Kf7 12. O-O N8e7 13. Bg5 Nxd5 14. c4 Ndf4
15. Bxf4 Nxf4 16. c5 d5 17. Ng3 c6 18. Ba4 Bxc5 19. Nh5 g6 20. Nxf4 exf4 21.
Rae1 Qd6 22. Bb3 Rhe8 23. h3 g5 24. Qh5+ Kf8 25. Bd1 Qc7 26. Re2 Rxe2 27. Bxe2
Qf7 28. Qh6+ Qg7 29. Qh5 Re8 30. Re1 Qg6 31. Qg4 h5 32. Qd7 Re7 33. Qd8+ 1-0

[Event "ya hace tiempo"]
[Site "http://www.queenalice.com/game.php?id=116126"]
[Date "2006.10.12"]
[Round "-"]
[White "J_Ricardo"]
[Black "war_supporter"]
[Result "1-0"]
[WhiteElo "1620"]
[BlackElo "1578"]

1. e4 e5 2. Nf3 Nc6 3. a3 Bc5 4. Bc4 d6 5. d3 Bg4 6. h3 Bh5 7. Bg5 Nge7 8. Nc3
O-O 9. b4 Bb6 10. b5 Nd4 11. a4 a6 12. a5 Bc5 13. bxa6 bxa6 14. Na4 Bb4+ 15. Bd2
Bxd2+ 16. Nxd2 Bxd1 17. Rxd1 Nxc2+ 18. Kf1 Ng6 19. Rc1 Nd4 20. Kg1 Ne2+ 21. Kh2
Nxc1 22. Rxc1 Nf4 23. Kg1 Kh8 24. Nc3 f5 25. exf5 Ne2+ 26. Nxe2 Rxf5 27. Ng3 Rf8
28. Bd5 Rb8 29. Nge4 Rb5 30. Bc4 Rxa5 31. Rb1 d5 32. Bb3 dxe4 33. Nxe4 Qxd3 34.
Rb2 Qxe4 35. Rc2 1-0

[Event "q no jug a ver"]
[Site "http://www.queenalice.com/game.php?id=116128"]
[Date "2006.10.12"]
[Round "-"]
[White "war_supporter"]
[Black "J_Ricardo"]
[Result "0-1"]
[WhiteElo "1594"]
[BlackElo "1604"]

1. d4 d5 2. c4 dxc4 3. e4 e6 4. Bxc4 Nd7 5. Nf3 Nb6 6. Bb3 Be7 7. Be3 c6 8. O-O
Bf6 9. Qc2 Ne7 10. Rd1 Ng6 11. Nc3 O-O 12. e5 Be7 13. Rac1 Nh4 14. Qe4 Nxf3+ 15.
Qxf3 a5 16. Na4 Nxa4 17. Bxa4 Bd7 18. Qg3 b5 19. Bc2 Be8 20. Bh6 g6 21. Bxf8
Bxf8 22. Be4 Bh6 23. Rc2 a4 24. Qd3 Ra7 25. Bxc6 Ra5 26. Bxe8 Qxe8 27. Rc5 Qe7
28. Rxb5 Rxb5 0-1

[Event "Challenge"]
[Site "http://www.queenalice.com/game.php?id=120006"]
[Date "2006.10.22"]
[Round "-"]
[White "war_supporter"]
[Black "mario"]
[Result "0-1"]
[WhiteElo "1678"]
[BlackElo "1849"]

1. e4 e5 2. Nf3 d6 3. h3 Nf6 4. Nc3 Bd7 5. Bc4 Be6 6. Bb3 Be7 7. d3 h6 8. O-O
O-O 9. Be3 a6 10. Ne2 c5 0-1